000 00755pam a2200241 a 4500
001 1105808
005 20180309093343.0
008 930401s1993 mau b 001 0 eng
010 _a 93010685
020 _a0674539265 (acidfree paper)
040 _aDLC
_cDLC
_dDLC
041 _aeng
043 _an-us---
080 _a174.30973 KRO
082 0 0 _a174.30973 KRO
_220
100 1 _a14
101 _aSHJ
245 1 4 _aThe lost lawyer :
_cAnthony T. Kronman.
504 _aIncludes bibliographical references and index.
906 _a7
_bcbc
_corignew
_d1
_eocip
_f19
_gy-gencatlg
942 _2ddc
_cBK
999 _c44640
_d44640